| 000 | 00589nam a22002057a 4500 | ||
|---|---|---|---|
| 942 | _cBK | ||
| 999 |
_c479 _d479 |
||
| 005 | 20250420134812.0 | ||
| 008 | 200722b ||||| |||| 00| 0 eng d | ||
| 020 | _a9781259072772 | ||
| 040 | _cKCST | ||
| 082 |
_a515.9 _bBr Co |
||
| 100 |
_aBrown, James Ward _94650 |
||
| 245 |
_aComplex variables and applications / _cJames Ward Brown, Ruel V. Chrchill |
||
| 250 |
_a9th ed. _bInt. student ed. |
||
| 260 |
_aNew York: _bMcGraw-Hill, _c2014. |
||
| 300 | _a459 p. | ||
| 650 |
_aFunctions of complex variables. _91209 |
||
| 700 |
_aChurchill, Ruel V. _94651 |
||
| 942 | _2ddc | ||